[Event "DEM U10w 2020"]
[Site "Willingen GER"]
[Date "2020.10.29"]
[Round "4"]
[White "Hoffmann, Svenja"]
[Black "Stepanjan, Tatevik Mia"]
[Result "1-0"]
[Termination "normal"]
[Board "8"]
[WhiteElo "1219"]
[BlackElo "1030"]
[WhiteClock "01:08:36"]
[BlackClock "00:54:37"]
[PlyCount "103"]
[WhiteFideId "16287312"]
[BlackFideId "16246128"]
[EventCountry "GER"]
[EventRounds "7"]
[EventType "swiss"]
[EventDate "2020.10.26"]

1. e4 {[%clk 1:15:55]} c5 {[%clk 1:15:53]} 2. Nc3 {[%clk 1:15:58]} Nc6 {[%clk
1:16:16]} 3. f4 {[%clk 1:15:57]} d6 {[%clk 1:16:22]} 4. Nf3 {[%clk 1:15:54]}
Nf6 {[%clk 1:16:34]} 5. Bc4 {[%clk 1:15:54]} Bg4 {[%clk 1:16:49]} 6. O-O {[%clk
1:15:33]} g6 {[%clk 1:16:39]} 7. d3 {[%clk 1:15:47]} Bg7 {[%clk 1:16:26]} 8.
Qe1 {[%clk 1:15:42]} e5 {[%clk 1:15:46]} 9. Ng5 {[%clk 1:12:17]} O-O {[%clk
1:15:46]} 10. Nd5 {[%clk 1:12:10]} Nd4 {[%clk 1:15:20]} 11. Qh4 {[%clk
1:10:13]} h6 {[%clk 1:15:05]} 12. Nxf6+ {[%clk 1:10:16]} Qxf6 {[%clk 1:14:17]}
13. Bd2 {[%clk 1:08:33]} Be2 {[%clk 1:14:00]} 14. Rf2 {[%clk 1:07:45]} hxg5
{[%clk 1:11:36]} 15. fxg5 {[%clk 1:08:05]} Qe7 {[%clk 1:11:47]} 16. c3 {[%clk
1:07:57]} Bh5 {[%clk 1:10:36]} 17. cxd4 {[%clk 1:08:03]} cxd4 {[%clk 1:10:38]}
18. g4 {[%clk 1:08:23]} Bxg4 {[%clk 1:06:27]} 19. Qxg4 {[%clk 1:08:38]} Rac8
{[%clk 1:05:38]} 20. Bxf7+ {[%clk 1:08:34]} Rxf7 {[%clk 1:01:39]} 21. Qxc8+
{[%clk 1:08:42]} Bf8 {[%clk 1:01:32]} 22. Rxf7 {[%clk 1:08:52]} Qxf7 {[%clk
1:01:30]} 23. Rf1 {[%clk 1:09:12]} Qg7 {[%clk 1:01:36]} 24. Bb4 {[%clk
1:08:27]} Qe7 {[%clk 1:00:51]} 25. Rf6 {[%clk 1:08:39]} Kh7 {[%clk 0:56:26]}
26. Bxd6 {[%clk 1:08:44]} Qg7 {[%clk 0:56:14]} 27. Bxf8 {[%clk 1:08:51]} Qg8
{[%clk 0:55:56]} 28. Qxb7+ {[%clk 1:08:01]} Kh8 {[%clk 0:55:44]} 29. Qxa7
{[%clk 1:08:17]} Qh7 {[%clk 0:54:54]} 30. Qa6 {[%clk 1:07:59]} Qh4 {[%clk
0:54:08]} 31. Bg7+ {[%clk 1:07:58]} Kh7 {[%clk 0:53:54]} 32. Rxg6 {[%clk
1:05:14]} Qg4+ {[%clk 0:53:58]} 33. Kf2 {[%clk 1:05:36]} Qf4+ {[%clk 0:54:06]}
34. Ke2 {[%clk 1:05:56]} Qe3+ {[%clk 0:54:27]} 35. Kd1 {[%clk 1:06:22]} Qg1+
{[%clk 0:54:41]} 36. Kc2 {[%clk 1:06:48]} Qf2+ {[%clk 0:54:11]} 37. Kb3 {[%clk
1:07:09]} Qf7+ {[%clk 0:54:25]} 38. Re6 {[%clk 1:07:03]} Kxg7 {[%clk 0:54:16]}
39. h4 {[%clk 1:07:21]} Kg8 {[%clk 0:54:07]} 40. g6 {[%clk 1:07:18]} Qd7 {[%clk
0:53:19]} 41. Rb6 {[%clk 1:05:50]} Qc7 {[%clk 0:52:44]} 42. Qa8+ {[%clk
1:05:56]} Kg7 {[%clk 0:52:05]} 43. Rb7 {[%clk 1:06:21]} Qxb7+ {[%clk 0:52:08]}
44. Qxb7+ {[%clk 1:06:44]} Kxg6 {[%clk 0:52:29]} 45. a4 {[%clk 1:06:35]} Kh5
{[%clk 0:52:48]} 46. a5 {[%clk 1:06:58]} Kxh4 {[%clk 0:53:10]} 47. a6 {[%clk
1:07:25]} Kg3 {[%clk 0:53:27]} 48. a7 {[%clk 1:07:48]} Kf3 {[%clk 0:53:46]} 49.
a8=Q {[%clk 1:07:52]} Ke3 {[%clk 0:54:01]} 50. Qf7 {[%clk 1:07:56]} Kxd3 {[%clk
0:54:22]} 51. Qf3+ {[%clk 1:08:19]} Kd2 {[%clk 0:54:37]} 52. Qa5+ {[%clk
1:08:36]} 1-0

[Event "DEM U10w 2020"]
[Site "Willingen GER"]
[Date "2020.10.29"]
[Round "4"]
[White "Kutz, Ida Klara"]
[Black "Bakó, Isabella"]
[Result "1-0"]
[Termination "normal"]
[Board "9"]
[WhiteElo "997"]
[BlackElo "1153"]
[WhiteClock "00:55:20"]
[BlackClock "00:07:33"]
[PlyCount "153"]
[WhiteFideId "16296257"]
[BlackFideId "16287266"]
[EventCountry "GER"]
[EventRounds "7"]
[EventType "swiss"]
[EventDate "2020.10.26"]

1. d4 {[%clk 1:15:57]} d5 {[%clk 1:15:47]} 2. c4 {[%clk 1:16:22]} e6 {[%clk
1:15:30]} 3. e3 {[%clk 1:16:44]} Nf6 {[%clk 1:14:55]} 4. Nf3 {[%clk 1:16:55]}
b6 {[%clk 1:14:32]} 5. Ne5 {[%clk 1:16:38]} Bb7 {[%clk 1:11:47]} 6. Nc3 {[%clk
1:15:06]} Nbd7 {[%clk 1:10:02]} 7. Bd3 {[%clk 1:14:15]} Bd6 {[%clk 1:06:09]} 8.
Nxd7 {[%clk 1:09:45]} Qxd7 {[%clk 1:01:18]} 9. O-O {[%clk 1:09:05]} O-O {[%clk
0:59:43]} 10. Re1 {[%clk 1:07:39]} c5 {[%clk 0:55:35]} 11. Nb5 {[%clk 1:06:12]}
Bb8 {[%clk 0:51:15]} 12. Nc3 {[%clk 1:03:52]} Qc6 {[%clk 0:46:05]} 13. cxd5
{[%clk 1:02:50]} Nxd5 {[%clk 0:44:55]} 14. Qh5 {[%clk 1:01:04]} Nf6 {[%clk
0:42:03]} 15. Qh3 {[%clk 0:59:47]} a6 {[%clk 0:34:48]} 16. dxc5 {[%clk
0:57:51]} Qxc5 {[%clk 0:29:24]} 17. e4 {[%clk 0:56:51]} e5 {[%clk 0:16:57]} 18.
Qg3 {[%clk 0:55:00]} Nh5 {[%clk 0:06:15]} 19. Qg5 {[%clk 0:51:22]} Nf4 {[%clk
0:05:17]} 20. Bxf4 {[%clk 0:47:55]} exf4 {[%clk 0:05:03]} 21. Qxc5 {[%clk
0:47:46]} bxc5 {[%clk 0:05:22]} 22. Na4 {[%clk 0:47:30]} Ba7 {[%clk 0:05:09]}
23. Rab1 {[%clk 0:45:58]} Rab8 {[%clk 0:04:09]} 24. b4 {[%clk 0:44:34]} Bc6
{[%clk 0:03:33]} 25. Nxc5 {[%clk 0:44:24]} Bb5 {[%clk 0:01:53]} 26. Bxb5 {[%clk
0:43:57]} Bxc5 {[%clk 0:01:33]} 27. bxc5 {[%clk 0:43:35]} Rxb5 {[%clk 0:01:52]}
28. Rxb5 {[%clk 0:43:43]} axb5 {[%clk 0:02:16]} 29. Rb1 {[%clk 0:43:40]} Rd8
{[%clk 0:02:09]} 30. c6 {[%clk 0:43:58]} Kf8 {[%clk 0:01:41]} 31. g3 {[%clk
0:44:11]} fxg3 {[%clk 0:01:35]} 32. hxg3 {[%clk 0:44:25]} Rc8 {[%clk 0:01:43]}
33. Rxb5 {[%clk 0:44:26]} Rxc6 {[%clk 0:02:01]} 34. Rb1 {[%clk 0:44:21]} Rc2
{[%clk 0:02:03]} 35. Ra1 {[%clk 0:44:36]} Ke7 {[%clk 0:02:15]} 36. Kg2 {[%clk
0:44:46]} Kd6 {[%clk 0:02:16]} 37. Rh1 {[%clk 0:44:33]} h6 {[%clk 0:02:31]} 38.
Ra1 {[%clk 0:44:44]} Ke5 {[%clk 0:02:35]} 39. a4 {[%clk 0:44:43]} Kxe4 {[%clk
0:01:49]} 40. a5 {[%clk 0:44:30]} Rc7 {[%clk 0:01:51]} 41. f3+ {[%clk 0:44:09]}
Kd5 {[%clk 0:02:02]} 42. Rd1+ {[%clk 0:43:24]} Ke6 {[%clk 0:01:40]} 43. Re1+
{[%clk 0:41:38]} Kf5 {[%clk 0:01:35]} 44. g4+ {[%clk 0:40:41]} Kf6 {[%clk
0:01:42]} 45. Kg3 {[%clk 0:40:13]} g5 {[%clk 0:15:19]} 46. f4 {[%clk 0:55:04]}
gxf4+ {[%clk 0:15:20]} 47. Kxf4 {[%clk 0:55:18]} Rc4+ {[%clk 0:14:43]} 48. Re4
{[%clk 0:55:34]} Rc6 {[%clk 0:13:12]} 49. Re5 {[%clk 0:55:05]} Ra6 {[%clk
0:13:01]} 50. Rh5 {[%clk 0:55:07]} Kg6 {[%clk 0:12:43]} 51. Rb5 {[%clk
0:54:49]} f6 {[%clk 0:12:16]} 52. Ke4 {[%clk 0:53:29]} Kf7 {[%clk 0:08:59]} 53.
Kd4 {[%clk 0:52:58]} Ke6 {[%clk 0:07:18]} 54. Rb6+ {[%clk 0:53:01]} Rxb6 {[%clk
0:07:36]} 55. axb6 {[%clk 0:53:21]} Kd6 {[%clk 0:07:17]} 56. b7 {[%clk
0:53:26]} Kc7 {[%clk 0:07:34]} 57. Kd5 {[%clk 0:53:45]} Kxb7 {[%clk 0:07:20]}
58. Ke6 {[%clk 0:54:06]} Kc7 {[%clk 0:06:23]} 59. Kxf6 {[%clk 0:54:18]} Kd6
{[%clk 0:06:13]} 60. Kg6 {[%clk 0:54:38]} Ke6 {[%clk 0:05:17]} 61. Kxh6 {[%clk
0:53:26]} Kf6 {[%clk 0:05:26]} 62. g5+ {[%clk 0:53:11]} Kf7 {[%clk 0:05:30]}
63. Kh7 {[%clk 0:53:21]} Kf8 {[%clk 0:05:34]} 64. g6 {[%clk 0:53:38]} Ke7
{[%clk 0:05:54]} 65. g7 {[%clk 0:54:00]} Kf6 {[%clk 0:06:05]} 66. g8=Q {[%clk
0:54:13]} Ke7 {[%clk 0:06:26]} 67. Qg6 {[%clk 0:54:34]} Kd7 {[%clk 0:06:39]}
68. Qf6 {[%clk 0:54:51]} Kc7 {[%clk 0:07:00]} 69. Qe6 {[%clk 0:55:02]} Kb7
{[%clk 0:07:16]} 70. Qd6 {[%clk 0:55:20]} Ka8 {[%clk 0:07:33]} 71. Qb4 Ka7 72.
Kg7 Ka6 73. Kf7 Ka7 74. Ke7 Ka8 75. Kd7 Ka7 76. Kc6 Ka8 77. Qb7# 1-0

[Event "DEM U10w 2020"]
[Site "Willingen GER"]
[Date "2020.10.29"]
[Round "4"]
[White "Tu, Audrey"]
[Black "Rössling, Laura Marie"]
[Result "0-1"]
[Termination "normal"]
[Board "20"]
[WhiteElo "754"]
[BlackElo "937"]
[WhiteClock "00:50:26"]
[BlackClock "00:32:34"]
[PlyCount "118"]
[WhiteFideId "34628568"]
[BlackFideId "16289471"]
[EventCountry "GER"]
[EventRounds "7"]
[EventType "swiss"]
[EventDate "2020.10.26"]

1. e4 {[%clk 1:15:56]} e5 {[%clk 1:15:55]} 2. Nf3 {[%clk 1:16:13]} Nc6 {[%clk
1:16:15]} 3. Bc4 {[%clk 1:16:25]} Bc5 {[%clk 1:16:31]} 4. Nc3 {[%clk 1:16:35]}
Nf6 {[%clk 1:16:17]} 5. d3 {[%clk 1:16:47]} d6 {[%clk 1:16:07]} 6. h3 {[%clk
1:16:49]} Bd7 {[%clk 1:15:01]} 7. Ne2 {[%clk 1:16:39]} Qe7 {[%clk 1:13:58]} 8.
Ng3 {[%clk 1:16:13]} O-O-O {[%clk 1:12:51]} 9. O-O {[%clk 1:14:55]} h6 {[%clk
1:11:52]} 10. c3 {[%clk 1:13:22]} Be6 {[%clk 1:04:47]} 11. Bxe6+ {[%clk
1:11:33]} fxe6 {[%clk 0:59:25]} 12. d4 {[%clk 1:11:20]} exd4 {[%clk 0:58:40]}
13. cxd4 {[%clk 1:11:36]} Bb6 {[%clk 0:56:32]} 14. Re1 {[%clk 1:11:19]} e5
{[%clk 0:53:38]} 15. d5 {[%clk 1:09:30]} Nd4 {[%clk 0:53:06]} 16. Nxd4 {[%clk
1:06:43]} exd4 {[%clk 0:51:32]} 17. b3 {[%clk 1:05:05]} Rhf8 {[%clk 0:47:01]}
18. Ba3 {[%clk 1:04:15]} Bc5 {[%clk 0:43:40]} 19. Bb2 {[%clk 1:02:57]} Bb4
{[%clk 0:41:45]} 20. Nf5 {[%clk 1:01:20]} Qd7 {[%clk 0:38:17]} 21. Rf1 {[%clk
1:00:27]} Nxe4 {[%clk 0:37:36]} 22. Nxd4 {[%clk 0:58:57]} Bc3 {[%clk 0:36:32]}
23. Rb1 {[%clk 0:58:02]} Nd2 {[%clk 0:35:24]} 24. Ne6 {[%clk 0:57:44]} Nxb1
{[%clk 0:33:29]} 25. Nxd8 {[%clk 0:57:22]} Rxd8 {[%clk 0:32:58]} 26. Qxb1
{[%clk 0:57:33]} Bxb2 {[%clk 0:31:35]} 27. Qxb2 {[%clk 0:57:52]} Re8 {[%clk
0:30:57]} 28. Qd4 {[%clk 0:56:19]} b6 {[%clk 0:30:04]} 29. a4 {[%clk 0:54:56]}
Re5 {[%clk 0:29:43]} 30. Qf4 {[%clk 0:53:27]} Qf5 {[%clk 0:29:14]} 31. Qxf5+
{[%clk 0:51:43]} Rxf5 {[%clk 0:29:26]} 32. g4 {[%clk 0:51:55]} Rxd5 {[%clk
0:29:42]} 33. f4 {[%clk 0:51:05]} Rd3 {[%clk 0:29:40]} 34. h4 {[%clk 0:50:05]}
Rxb3 {[%clk 0:29:40]} 35. h5 {[%clk 0:48:44]} Rg3+ {[%clk 0:29:52]} 36. Kh2
{[%clk 0:48:49]} Rxg4 {[%clk 0:29:55]} 37. f5 {[%clk 0:49:03]} Rh4+ {[%clk
0:30:02]} 38. Kg3 {[%clk 0:49:14]} Rxh5 {[%clk 0:30:19]} 39. Kg4 {[%clk
0:49:25]} Rh2 {[%clk 0:30:32]} 40. Ra1 {[%clk 0:49:03]} Rb2 {[%clk 0:30:12]}
41. Kh5 {[%clk 0:48:59]} Kd8 {[%clk 0:30:23]} 42. Kg6 {[%clk 0:49:14]} Rg2+
{[%clk 0:30:32]} 43. Kf7 {[%clk 0:49:09]} Rg5 {[%clk 0:30:20]} 44. f6 {[%clk
0:49:25]} gxf6 {[%clk 0:30:28]} 45. Kxf6 {[%clk 0:49:44]} Ra5 {[%clk 0:30:05]}
46. Kg6 {[%clk 0:49:58]} b5 {[%clk 0:30:22]} 47. Kxh6 {[%clk 0:49:16]} bxa4
{[%clk 0:30:42]} 48. Rf1 {[%clk 0:49:05]} a3 {[%clk 0:30:39]} 49. Rf8+ {[%clk
0:49:19]} Kd7 {[%clk 0:30:55]} 50. Rf7+ {[%clk 0:49:26]} Kc6 {[%clk 0:31:14]}
51. Kg5 {[%clk 0:48:17]} a2+ {[%clk 0:31:34]} 52. Kf4 {[%clk 0:48:40]} a1=Q
{[%clk 0:31:50]} 53. Ke4 {[%clk 0:48:56]} Qa4+ {[%clk 0:32:00]} 54. Kd3 {[%clk
0:49:11]} Rd5+ {[%clk 0:32:10]} 55. Kc3 {[%clk 0:49:31]} Qd4+ {[%clk 0:32:12]}
56. Kb3 {[%clk 0:49:45]} Rb5+ {[%clk 0:32:02]} 57. Kc2 {[%clk 0:50:07]} Rc5+
{[%clk 0:32:16]} 58. Kb2 {[%clk 0:50:24]} Qb4+ {[%clk 0:32:34]} 59. Ka2 {[%clk
0:50:26]} Ra5# 0-1